000 00363nam a2200157Ia 4500
008 221030s9999 xx 000 0 und d
020 _a8188152099
041 _aEnglish
082 _a105.23
100 _aEFY
245 0 _aElectronics Projects Vol. 16
260 _bEFY Enterprises Pvt. Ltd.
_aNew Delhi
_c2003
300 _a150
650 _aECE
942 _cBK
999 _c5456
_d5456